000 00183nam a2200085 4500
001 1258366
005 20260310100703.0
245 _aEŞREF SAAT
_cŞEVKET RADO
260 _bBİLGE YAYINLARI
999 _c1258366
_d1258366